Interkultúrna kompetencia a rokovacie štýly

Krajiny anglosaskej kultúry a ich rokovací štýl. Európske krajiny severu a juhu a ich rokovací štýl. Krajiny Latinskej Ameriky a ich rokovací štýl.

Gespeichert in:
Bibliographische Detailangaben
1. Verfasser: Helmová, Milena, 1954-
Format: Buchkapitel
Sprache:Slowakisch
Schlagworte:
Tags: Tag hinzufügen
Keine Tags, Fügen Sie das erste Tag hinzu!

MARC

LEADER 00000nla$a2200000$$$4500
001 0120446
005 20240502072344.0
041 0 |a slo 
044 |a SK 
245 1 0 |a Interkultúrna kompetencia a rokovacie štýly  |c Milena Helmová 
520 |a Krajiny anglosaskej kultúry a ich rokovací štýl. Európske krajiny severu a juhu a ich rokovací štýl. Krajiny Latinskej Ameriky a ich rokovací štýl. 
610 2 0 |a rokovania obchodné 
610 2 0 |a partneri obchodní 
610 2 0 |a komunikácia 
610 2 0 |a kultúra 
610 2 0 |a Nemecko 
610 2 0 |a Francúzsko 
610 2 0 |a Latinská Amerika 
610 2 0 |a Mexiko 
610 2 0 |a Veľká Británia 
100 1 |a Helmová, Milena, 1954-